| 000 | 00594nam a2200205Ia 4500 | ||
|---|---|---|---|
| 001 | 5236 | ||
| 003 | GE_BSU | ||
| 008 | 181216s||||||||xx |||||||||||||| ||und|| | ||
| 040 | _cGE_BSU | ||
| 080 | _a511.1 | ||
| 100 | _aАндронов И.К. | ||
| 245 | _aАрифметика дробных чисел и основных величин | ||
| 245 | _cРед. Н. И. Лепешкина | ||
| 260 | _aМосква | ||
| 260 | _bУчпедгиз | ||
| 260 | _c1955 | ||
| 300 | _a344 с.22см | ||
| 653 | _aАрифметика дробных основных величин | ||
| 942 | _cBK | ||
| 999 |
_c38828 _d38828 |
||